000 00354pam a2200133 a 4500
020 _c
041 _h
082 _a050
_bPOW
100 _aPowell l ,
_eAuthor .
245 _aIEEE Industry Application Magazine Jan - Dec 2005 Vol - 11 ,
_hBound Volumes
260 _a[s.l]:
_bIEEE Computer Society ,
_c2005.
300 _a0:
_bHB;
_c28*20.
930 _a16080
999 _c59301
_d59301